| 000 | 00526nam a22001817a 4500 | ||
|---|---|---|---|
| 003 | UA-OsUOA | ||
| 001 | 7621 | ||
| 007 | ta | ||
| 008 | 20040623b un ||||| |||| 00| 0 ukr d | ||
| 100 | _aМарків І. | ||
| 942 | _cSA | ||
| 040 |
_aUA-OsUOA _cUA-OsUOA _dUA-OsUOA |
||
| 245 | _aОрганізована злочинність : її аналіз та сучасний стан | ||
| 300 | _aС.54-56 | ||
| 955 | _a0 | ||
| 773 | 0 |
_w0 _tПраво України _dКиїв _d2004 _gN6 |
|
| 650 | 7 |
_aКримінологія _2UDC |
|
| 999 |
_c293782 _d293782 |
||